[Event "CRO-ch U13 Girls"]
[Site "Trogir"]
[Date "2017.06.17"]
[Round "1"]
[White "Bevanda, Ema"]
[Black "Stojkovic, Lea"]
[Result "1-0"]
[WhiteElo "1592"]
[BlackElo "1262"]
[PlyCount "115"]
[EventDate "2017.06.17"]
[EventType "swiss"]
[EventRounds "9"]
[EventCountry "CRO"]
[SourceTitle "CBM 179 Extra"]
[Source "ChessBase"]
[SourceDate "2017.08.23"]
[SourceVersion "1"]
[SourceVersionDate "2017.08.23"]
[SourceQuality "1"]

1. d4 Nf6 2. c4 e6 3. Nc3 Bb4 4. Qc2 c5 5. Nf3 0-0 6. e4 Nc6 7. Qd3 d6 8. Be2 Bxc3+ 9. bxc3 b6 10. Bf4 Bb7 11. 0-0 Qe7 12. Bg5 h6 13. Bh4 e5 14. Rad1 Nb8 15. d5 Nbd7 16. h3 Qe8 17. Nh2 Bc8 18. Rfe1 Kh8 19. Kh1 Rg8 20. Rg1 Rf8 21. Rdf1 Rg8 22. g4 Nh7 23. g5 hxg5 24. Bxg5 Ndf8 25. Rg2 Ng6 26. Rfg1 Rf8 27. h4 Nxg5 28. Rxg5 Nf4 29. Qg3 g6 30. Qf3 Nh3 31. Rh5+ Kg7 32. Rg3 Nf4 33. Rhg5 f6 34. Rxg6+ Nxg6 35. h5 Kf7 36. hxg6+ Ke7 37. g7 Rg8 38. Ng4 Qh5+ 39. Kg2 Rxg7 40. Qxf6+ Kd7 41. Qxg7+ Kd8 42. Qf8+ Kc7 43. Qe7+ Bd7 44. Qxd7+ Kxd7 45. Nf6+ Kc7 46. Rg7+ Kc8 47. Bxh5 a5 48. Rg8+ Kb7 49. Rxa8 Kxa8 50. Ne8 Kb7 51. Nxd6+ Kc7 52. Nb5+ Kd7 53. Kg3 a4 54. f4 exf4+ 55. Kxf4 Ke7 56. d6+ Kd7 57. Bg4+ Kd8 58. d7 1-0